000 00251nam a2200097Ia 4500
001 796706
005 20250826170753.0
008 250824s9999 xx 000 0 und d
245 0 _aİNSAN NE İLE YAŞAR?
_cLEV N.TOLSTOY
260 _bSEDİR YAYINLARI A.Ş.
999 _c796706
_d796706